000
00260nam a2200097Ia 4500
008
230915s9999 xx 000 0 und d
050
_a
Z 675.U5.T56
100
_a
THOMPSON,JAMES A
245
3
_a
AN INTRODUCTION TO UNIVERSITY LIBRARY ADMINISTRATION
942
_c
BK
999
_c
206673
_d
206673